000 00283nam a2200109Ia 4500
008 200302s9999 xx 000 0 und d
100 _aPeter Zec (Ed)
245 _aInternational Yearbook Communication Design -- 2004--2005
260 _bAvedition Gmbh
260 _c2005
300 _a360
999 _c4727
_d4727